[Event "Dortmund-C"]
[Site "Dortmund"]
[Date "1989.??.??"]
[Round "?"]
[White "Szalanczy, Emil"]
[Black "Grimberg, Gilbert"]
[Result "1/2-1/2"]
[WhiteElo "2400"]
[BlackElo "2300"]

1.e4 d6 2.d4 Nf6 3.Nc3 Nbd7 4.Nf3 e5 5.Bc4 Be7 6.O-O O-O 7.a4 c6 8.a5 Rb8
9.Qe2 Qc7 10.Be3 b5 11.axb6 axb6 12.d5 b5 13.Ra7 Rb7 14.dxc6 Rxa7 15.Nxb5 Qxc6
16.Nxa7 Qxe4 17.Nxc8 Rxc8 18.Bxf7+ Kf8 19.Bb3 h6 20.h3 Nc5 21.Nd2 Qb7 22.Bxc5 Rxc5
23.Ra1 g6 24.Ra4 Kg7 25.Kh1 Qc7 26.Ne4 Ra5 27.Rc4 Qb8 28.Nxf6 Bxf6 29.Qg4 h5
30.Qd7+ Kh6 31.Rc6 Qb4 32.Rxd6 Qe1+ 33.Kh2 Qxf2 34.Rd2 Qe3 35.Qd3 Qxd3 36.cxd3 h4
37.Kg1 e4 38.dxe4 Rb5 39.Rd3 Bxb2 40.Kf2 Rc5 41.Rd6 Be5 42.Ra6 Rc3 43.Bf7 Rc2+
44.Kf3 Rc3+ 45.Ke2 Rc2+ 46.Kd3 Rc3+ 47.Kd2 Rg3 48.Re6 Rxg2+ 49.Kd3 Rg3+ 50.Kc4 Bf4  1/2-1/2

[Event "Dortmund-A"]
[Site "Dortmund"]
[Date "1989.??.??"]
[Round "?"]
[White "Mohr, Stefan"]
[Black "Bischoff, Klaus"]
[Result "0-1"]
[WhiteElo "2530"]
[BlackElo "2505"]

1.d4 d6 2.e4 Nf6 3.Nc3 c6 4.g3 Qc7 5.Bg2 e5 6.Nge2 Be7 7.a4 a5 8.h3 Na6 9.Be3 O-O
10.O-O Nb4 11.g4 Re8 12.Ng3 b6 13.Qd2 Ba6 14.Rfe1 Nd7 15.Rad1 Rad8 16.Nf5 Bf8
17.Kh1 exd4 18.Bxd4 Nc5 19.f4 Ne6 20.Be3 g6 21.Qf2 Nc5 22.Ng3 Rd7 23.Bd4 Qd8
24.g5 Bg7 25.Bxg7 Kxg7 26.h4 Qe7 27.Rd2 h6 28.Nd1 Rdd8 29.Ne3 Bc8 30.f5 hxg5
31.Ng4 Nd7 32.Qd4+ Kh7 33.h5 Ne5 34.Bh3 gxf5 35.exf5 f6 36.Bg2 Qf8 37.Rde2 c5
38.Qe3 Ba6 39.Nxf6+ Qxf6 40.Ne4 Qxf5 41.Rf2 Nxc2 42.Qd2 Qxf2 43.Qxf2 Nxe1
44.Qf5+ Kg8 45.Qxg5+ Kf7 46.h6 Ke6 47.Qf6+ Kd5 48.Nc3+ Kc4 49.Bd5+ Kb4 50.Na2+ Kxa4
51.Qh4+ c4 52.Qxe1 Kb3 53.Nc1+ Kc2 54.Be4+ Nd3 55.Qc3+ Kb1 56.Bxd3+ cxd3
57.Nxd3 Rc8 58.Qd2 Bb7+ 59.Kh2 Rc2  0-1

[Event "Dortmund op"]
[Site "Dortmund"]
[Date "1989.??.??"]
[Round "3"]
[White "Berebora, Ferenc"]
[Black "Vokac, Marek"]
[Result "1/2-1/2"]
[WhiteElo "2265"]
[BlackElo "2445"]

1.e4 d6 2.d4 Nf6 3.Nc3 c6 4.f4 Qa5 5.Bd3 e5 6.dxe5 dxe5 7.f5 b5 8.Nf3 Nbd7
9.Bd2 Qb6 10.Qe2 a5 11.a4 b4 12.Nd1 Ba6 13.Be3 Bxd3 14.cxd3 Bc5 15.Rc1 O-O
16.Nxe5 Bxe3 17.Nxd7 Nxd7 18.Qxe3 c5 19.O-O Rfe8 20.Nf2 Rac8 21.b3 Rc6 22.Nh3 Rd6
23.Nf4 Rd4 24.Qg3 Qd6 25.Rfe1 Ne5 26.Re3 Rd8 27.Nd5 f6 28.h4 Rd7 29.h5 h6
30.Rc2 Kh8 31.Rc1 Kg8 32.Rc2 Kh8 33.Kf1 Kg8 34.Kg1 Qc6 35.Rc1 R7xd5 36.exd5 Qxd5
37.Rce1 Rg4 38.Rxe5 Qd4+ 39.Qe3 fxe5 40.Qxd4 exd4 41.Re5 Rg3 42.Rxc5 Rxd3
43.Rxa5 Rxb3 44.Rd5 d3 45.Kf2 Ra3 46.Ke3 Kf7 47.a5 Kf6 48.g4 Kg5 49.Rd4 b3
50.Kxd3 Rxa5 51.Kc3 Rb5 52.Kb2 Rb7 53.Rc4 Kh4 54.Re4 Rb6 55.Rc4 Kg3 56.Re4 Kf3
57.Re6 Rb8 58.Rg6 Rb7 59.f6 gxf6 60.Rxf6+ Kxg4  1/2-1/2

[Event "Edinburgh op"]
[Site "Edinburgh"]
[Date "1989.??.??"]
[Round "?"]
[White "Conquest, Stuart"]
[Black "Hodgson, Julian M"]
[Result "0-1"]
[WhiteElo "2490"]
[BlackElo "2545"]

1.d4 d6 2.e4 Nf6 3.Nc3 c6 4.Bd3 e5 5.Nge2 exd4 6.Nxd4 g6 7.O-O Bg7 8.Bg5 h6
9.Bh4 O-O 10.a4 a5 11.Kh1 Qb6 12.Nb3 Re8 13.f4 Nbd7 14.Qd2 Qb4 15.Rae1 Nh7
16.Bf2 b6 17.e5 dxe5 18.f5 gxf5 19.Bxf5 Ndf6 20.Bg1 Bxf5 21.Rxf5 Rad8 22.Qf2 c5
23.h3 Re6 24.Bh2 c4 25.Nd2 Qxb2 26.Nde4 Nxe4 27.Nxe4 Rd7 28.Rf1 Ree7 29.Bg3 Qd4
30.Qf3 Ng5 31.Nxg5 hxg5 32.Rxg5 e4 33.Qf5 e3 34.Rf4 Qa1+ 35.Kh2 f6 36.Rh5 e2
37.Qh7+ Kf8 38.Re4 Rd1 39.Be1 Rxe1 40.Rxe7 Rh1+ 41.Kg3 e1=Q+  0-1

[Event "Edinburgh op"]
[Site "Edinburgh"]
[Date "1989.??.??"]
[Round "?"]
[White "Wells, Peter K"]
[Black "Hodgson, Julian M"]
[Result "0-1"]
[WhiteElo "2410"]
[BlackElo "2545"]

1.d4 d6 2.e4 Nf6 3.Nc3 c6 4.Bg5 Nbd7 5.f4 Qa5 6.Qd2 b5 7.Bd3 Nb6 8.Nf3 b4
9.Nd1 d5 10.e5 Ne4 11.Qe2 f5 12.exf6 gxf6 13.Bh4 b3+ 14.c3 Qxa2 15.Rc1 Bh6
16.g3 O-O 17.Nf2 Na4 18.Nxe4 Qxb2 19.Qxb2 Nxb2 20.Nc5 Nxd3+ 21.Nxd3 Bf5 22.Ke2 a5
23.Ra1 a4 24.Ra3 Rfb8 25.Nb2 e5 26.Re1 exf4 27.g4 Bxg4 28.Rg1 f5 29.h3 Bf8
30.Rxa4 Rxa4 31.Nxa4 h5 32.hxg4 hxg4 33.Ne5 Ra8 34.Nb2 Ra2 35.Nd3 f3+ 36.Kf2 Ba3
37.Rb1 Kg7 38.Kg3 Bd6+ 39.Ne5 c5 40.Kf4 c4 41.Kxf5 Bf8 42.Bf6+ Kg8 43.Kxg4 f2
44.Bh4 Rxb2 45.Rxb2 f1=Q  0-1

[Event "Eger op"]
[Site "Eger"]
[Date "1989.??.??"]
[Round "?"]
[White "Borsos, Bogdan"]
[Black "Kaposztas, Miklos"]
[Result "1-0"]
[WhiteElo "2350"]
[BlackElo "2260"]

1.e4 d6 2.d4 Nf6 3.Nc3 c6 4.Bg5 h6 5.Bxf6 exf6 6.Bc4 g6 7.Nge2 Qc7 8.O-O Bg7
9.f4 h5 10.a4 a5 11.Qd2 Bh6 12.Rae1 Nd7 13.Qd3 Nb6 14.Bb3 Bg4 15.d5 Nd7 16.dxc6 bxc6
17.Rd1 Bf8 18.Bc4 Nb6 19.Ba2 Rd8 20.h3 Bc8 21.Kh1 Bg7 22.Nd4 O-O 23.Qf3 Nd7
24.Qg3 Kh7 25.Rfe1 Rde8 26.Nf3 Re7 27.f5 Ne5 28.Bxf7 Nxf7 29.fxg6+ Kg8 30.gxf7+ Rexf7
31.Qxd6 Qb7 32.b3 Re8 33.Qc5 Qc7 34.Qxh5 Rfe7 35.e5 fxe5 36.Ne4 Rf8 37.Nfg5 Bf5
38.Rf1 Bxe4 39.Rxf8+ Bxf8 40.Nxe4 Re6 41.Qg4+  1-0

[Event "ESP-ch"]
[Site "ESP"]
[Date "1989.??.??"]
[Round "2"]
[White "Oltra Caurin, Ramon"]
[Black "Anguix Garrido, Juan Francisco"]
[Result "1-0"]
[WhiteElo "2430"]
[BlackElo "2405"]

1.e4 d6 2.d4 Nf6 3.Nc3 c6 4.a4 Qa5 5.Bd3 e5 6.Ne2 Be7 7.O-O O-O 8.Bd2 Qc7
9.a5 Nbd7 10.h3 Re8 11.Be3 exd4 12.Bxd4 Nc5 13.Ng3 Bd7 14.Qf3 Ne6 15.Be3 Bf8
16.Nf5 Qd8 17.Qg3 Nh5 18.Nh6+ Kh8 19.Nxf7+ Kg8 20.Nxd8 Nxg3 21.Nxe6 Nxf1
22.Nxf8 Nxe3 23.Nxd7 Nxg2 24.Kxg2 Re7  1-0

[Event "ESP-ch"]
[Site "ESP"]
[Date "1989.??.??"]
[Round "6"]
[White "Romero Holmes, Alfonso"]
[Black "Rivas Pastor, Manuel"]
[Result "1/2-1/2"]
[WhiteElo "2445"]
[BlackElo "2505"]

1.e4 d6 2.d4 Nf6 3.Nc3 c6 4.f4 Qa5 5.Qf3 e5 6.dxe5 dxe5 7.f5 b5 8.Bd2 b4
9.Nd1 Ba6 10.Bxa6 Nxa6 11.Nh3 Nc5 12.Nhf2 O-O-O 13.Qe2 Qb5 14.Bg5 Rd4 15.c3 bxc3
16.Nxc3 Qxe2+ 17.Kxe2 Nfxe4 18.Ncxe4 Nxe4 19.Be3 Nxf2 20.Bxd4 Nxh1 21.Bxa7 c5
22.Bb6 Bd6 23.Rd1 Be7 24.Ba5 g6 25.fxg6 hxg6 26.Rxh1 Kd7 27.h3 Ke6 28.Bc3 Ra8
29.a3 f5 30.Kd3 Ra4 31.Re1 Bd6 32.Kc2 Rf4 33.Re2 Rf1 34.b4 cxb4 35.axb4 e4
36.Kb3 Rb1+ 37.Kc4 Be5 38.Re1 Rxe1 39.Bxe1 f4 40.b5 e3 41.b6 Kd6 42.Kd3 Kc6
43.Ke4 Bd6 44.g3  1/2-1/2

[Event "FRA-chT"]
[Site "?"]
[Date "1989.??.??"]
[Round "?"]
[White "Letreguilly, Olivier"]
[Black "Loheac Amoun, Frank"]
[Result "1/2-1/2"]
[WhiteElo "2200"]
[BlackElo "2240"]

1.e4 d6 2.d4 Nf6 3.Nc3 Nbd7 4.Bc4 c6 5.Nf3 d5 6.Bb3 dxe4 7.Ng5 e6 8.Ngxe4 Be7
9.Bf4 O-O 10.O-O Qa5 11.Nd6 Nd5 12.Nxd5 cxd5 13.Re1 Nf6 14.c3 Qd8 15.Nxc8 Rxc8
16.Qd3 Qb6 17.Re3 Qa6  1/2-1/2

[Event "FRA-chT"]
[Site "?"]
[Date "1989.??.??"]
[Round "?"]
[White "Koch, Jean Rene"]
[Black "Bricard, Emmanuel"]
[Result "1-0"]
[WhiteElo "2390"]
[BlackElo "2370"]

1.e4 d6 2.d4 Nf6 3.Nc3 Nbd7 4.f4 e5 5.Nf3 exd4 6.Qxd4 c6 7.Be3 d5 8.e5 Ng4
9.Bg1 f5 10.h3 Nh6 11.O-O-O Nc5 12.Ng5 Ne6 13.Nxe6 Bxe6 14.Be2 Qa5 15.Bf3 b6
16.Kb1 O-O-O 17.Qd3 Be7 18.Bf2 d4 19.Bxd4 c5 20.Qb5 Qxb5 21.Nxb5 Rxd4 22.Nxd4 cxd4
23.Rxd4 Rd8 24.Rxd8+ Kxd8 25.Bd5 Bxd5 26.Rd1 Bc5 27.c4 Be3 28.g3 g5 29.fxg5 Nf7
30.cxd5 Nxe5 31.Rf1 Ke7 32.Rxf5 Kd6 33.h4 Kxd5 34.Rf6 Ke4 35.Rh6 Kf5 36.Rxh7 a5
37.Rg7 Bf2 38.h5 Bxg3 39.g6 Ng4 40.Rb7  1-0

[Event "FRA-chT"]
[Site "?"]
[Date "1989.??.??"]
[Round "?"]
[White "Ducic, Bogdan"]
[Black "Peyrat, Olivier"]
[Result "0-1"]
[WhiteElo "2150"]
[BlackElo "2230"]

1.e4 d6 2.d4 Nf6 3.Nc3 Nbd7 4.Be3 e5 5.d5 Be7 6.Be2 c6 7.dxc6 bxc6 8.Qd2 Bb7
9.Bf3 Nb6 10.Bxb6 axb6 11.Rd1 b5 12.a3 Nd7 13.Nh3 Nc5 14.Qe3 Bc8 15.Be2 Ne6
16.O-O O-O 17.Kh1 Nd4 18.Bd3 Bg4 19.Rb1 Qd7 20.Ng1 f5 21.exf5 Bxf5 22.Rbc1 Bxd3
23.Qxd3 Ne6 24.Rcd1 Qc7 25.Nh3 Rad8 26.Qe4 Nf4 27.Nxf4 Rxf4 28.Qe2 d5 29.Rd3 e4
30.Rh3 g6 31.Qd2 Qe5 32.Ne2 Rf7 33.c3 c5 34.f4 exf3 35.Rhxf3 Rdf8 36.Rxf7 Rxf7
37.Rxf7 Kxf7 38.Qf4+ Ke6 39.Qxe5+ Kxe5 40.Kg1 Ke4 41.Kf2 Bf6 42.Ke1 Be5 43.h3 Kd3
44.Kd1 Ke3 45.Nc1 c4 46.Ne2 Kf2 47.g3 Kg2 48.h4 h5 49.Kd2 Bxg3 50.Nd4 Bxh4
51.Nxb5 Bd8  0-1

[Event "FRA-chT"]
[Site "?"]
[Date "1989.??.??"]
[Round "?"]
[White "Lagunes, Jean Renaud"]
[Black "Loheac Amoun, Frank"]
[Result "0-1"]
[WhiteElo "2110"]
[BlackElo "2240"]

1.e4 d6 2.d4 Nf6 3.Nc3 Nbd7 4.Bg5 e5 5.Nf3 Be7 6.Qd2 c6 7.a4 b6 8.Bc4 a6
9.O-O Bb7 10.Bxf6 Bxf6 11.d5 c5 12.Nd1 O-O 13.g3 g6 14.Ne1 Qe7 15.Nd3 Bg7
16.f3 h5 17.c3 f5 18.N1f2 f4 19.g4 Nf6 20.g5 Nh7 21.Kh1 Nxg5 22.Qe2 Bf6 23.Rg1 Kh7
24.Rg2 Rg8 25.Rag1 Bc8 26.Rb1 Bd7 27.Ne1 Bxa4 28.Bxa6 Qe8 29.b3 Bd7 30.Bd3 b5
31.Rg1 Qb8 32.Nc2 Qb6 33.Ra1 b4 34.cxb4 cxb4 35.Kg2 Nf7 36.Qd2 Bh4 37.Raf1 Ng5
38.Qxb4 Bxf2  0-1

[Event "FRA-chT"]
[Site "?"]
[Date "1989.??.??"]
[Round "?"]
[White "Toubale, T."]
[Black "Loheac Amoun, Frank"]
[Result "0-1"]
[WhiteElo "2080"]
[BlackElo "2240"]

1.e4 d6 2.d4 Nf6 3.Nc3 Nbd7 4.Nf3 e5 5.Bc4 Be7 6.h3 O-O 7.O-O c6 8.a4 b6
9.Re1 a6 10.d5 c5 11.Rb1 Ne8 12.b4 Kh8 13.Be3 g6 14.bxc5 Nxc5 15.Nd2 Bg5
16.Bf1 Bxe3 17.Rxe3 Bd7 18.Nc4 Rb8 19.a5 bxa5 20.Rxb8 Qxb8 21.Nxa5 f5 22.Nb3 Nxe4
23.Nxe4 fxe4 24.Bxa6 Nf6 25.Bf1 Qb4 26.c3 Qb6 27.Nc1 Qb2 28.Ne2 Bb5 29.Ng3 Bxf1
30.Nxf1 Ra8 31.c4 Ra1 32.Re2 Rxd1 33.Rxb2 Nd7 34.g3 Rc1 35.Rb4 Nc5 36.Kg2 Nd3
37.Rb8+ Kg7 38.Nd2 Ne1+ 39.Kh2 e3 40.Rb7+ Kh6 41.Ne4 Nf3+ 42.Kg2 e2  0-1

[Event "Frunze"]
[Site "Frunze"]
[Date "1989.??.??"]
[Round "?"]
[White "Moldobaev, Emil"]
[Black "Kanstler, Boris"]
[Result "1-0"]
[WhiteElo "2360"]
[BlackElo "2425"]

1.e4 d6 2.d4 Nf6 3.Nc3 c6 4.Nf3 Qa5 5.Bd2 Nbd7 6.Be2 Qc7 7.O-O e5 8.a4 Be7
9.Bc4 O-O 10.Qe2 Nb6 11.Ba2 Bg4 12.dxe5 dxe5 13.h3 Bh5 14.g4 Bg6 15.Nh4 Bb4
16.Nf5 Bxf5 17.gxf5 Qe7 18.Kh2 Kh8 19.Bb3 Nbd7 20.Rad1 Nc5 21.Bg5 Bxc3 22.bxc3 h6
23.Bxf6 Qxf6 24.Qe3 b6 25.Rd2 Rfd8 26.Rfd1 Rxd2 27.Rxd2 Kg8 28.a5 Rd8 29.axb6 axb6
30.f3 Rd6 31.Rg2 Rd1 32.Rg6 Qd8 33.f6 Nxb3 34.Rxg7+ Kf8 35.cxb3 Qxf6 36.Rg4 Qd6
37.Rg2 Rd3 38.Qxb6 Qf6 39.Qc5+ Ke8 40.Rg8+ Kd7 41.Qa7+  1-0

[Event "Peer Gynt"]
[Site "Gausdal"]
[Date "1989.??.??"]
[Round "?"]
[White "Ernst, Thomas"]
[Black "Rausis, Igors"]
[Result "1-0"]
[WhiteElo "2460"]
[BlackElo "2450"]

1.e4 d6 2.d4 Nf6 3.Nc3 c6 4.a4 Qa5 5.Bd3 e5 6.Ne2 Be7 7.O-O O-O 8.Kh1 Nbd7
9.f4 Re8 10.Be3 exd4 11.Nxd4 Nc5 12.Qd2 Bd8 13.Nb3 Nfxe4 14.Qe1 Nxb3 15.Nxe4 Nxa1
16.Bd2 Qc7 17.Nf6+ gxf6 18.Qxe8+ Kg7 19.Rf3 Bg4 20.Rg3 h5 21.h3 Qe7 22.Qxe7 Bxe7
23.hxg4 hxg4 24.Rxg4+ Kf8 25.Bc3 Re8 26.Bh7 Bd8 27.Rg8+ Ke7 28.Bxf6+ Kd7
29.Bf5+ Kc7 30.Rxe8 Bxf6 31.Rf8 Bxb2 32.Rxf7+ Kb8 33.g4 a5 34.g5 b5 35.axb5 cxb5
36.g6  1-0

[Event "Gausdal Int"]
[Site "Gausdal"]
[Date "1989.??.??"]
[Round "?"]
[White "Huenerkopf, Heinz"]
[Black "Jansa, Vlastimil"]
[Result "1-0"]
[WhiteElo "2230"]
[BlackElo "2505"]

1.e4 d6 2.d4 Nf6 3.Nc3 c6 4.Nge2 Nbd7 5.g3 b5 6.Bg2 b4 7.Nb1 e5 8.a3 bxa3
9.Nxa3 Be7 10.O-O O-O 11.Nc4 Qc7 12.Qd2 Re8 13.Qa5 Qb8 14.Rd1 d5 15.exd5 cxd5
16.Ne3 Bd8 17.Qa2 Bb7 18.Nxd5 Nb6 19.Nxf6+ Bxf6 20.d5 e4 21.Bf4 Qc8 22.Rac1 Qg4
23.Bf1 Nd7 24.c4 Ne5 25.Nd4 Nd3 26.Bxd3 exd3 27.Rxd3 Re7 28.b4 Rae8 29.Qd2 Bxd4
30.Rxd4 Re2 31.Qd3 Re1+ 32.Rxe1 Rxe1+ 33.Kg2 Bc8 34.f3 Qh3+ 35.Kf2 Rh1 36.g4 Qh4+
37.Ke3 Re1+ 38.Kd2 Qf2+ 39.Kc3 Qa2 40.Qc2 Qa1+ 41.Qb2 Qa4 42.Re4 Rd1 43.Qa2 Bd7
44.Qxa4 Bxa4 45.b5 f5 46.Rd4 Kf7 47.Rxd1 Bxd1 48.gxf5 Bxf3 49.Be3 Ke7 50.Bxa7 Kd7
51.Bd4 Be4 52.Bxg7 Bxf5 53.Be5 Be4 54.Kd4 Bg2 55.c5  1-0

[Event "Gausdal Int"]
[Site "Gausdal"]
[Date "1989.??.??"]
[Round "?"]
[White "Hector, Jonny"]
[Black "Mokry, Karel"]
[Result "1-0"]
[WhiteElo "2500"]
[BlackElo "2500"]

1.e4 d6 2.d4 Nf6 3.Nc3 c6 4.f4 Qa5 5.e5 Ne4 6.Qf3 Nxc3 7.Bd2 Bf5 8.Bc4 d5
9.Bxc3 Qc7 10.Bb3 e6 11.Ne2 h5 12.Ng3 g6 13.Nxf5 gxf5 14.a3 Nd7 15.Bd2 c5
16.c4 dxc4 17.Bxc4 cxd4 18.Rc1 Qb6 19.b4 Be7 20.O-O Kf8 21.Rfd1 Rd8 22.Be1 Nb8
23.Bf2 h4 24.Be2 a6 25.h3 Nc6 26.Qd3 Kg7 27.Bf3 Rc8 28.Kh2 Rhd8 29.Rg1 Qb5
30.Qd2 Rh8 31.Be2 Qd5 32.Bc4 Qd7 33.Qd3 Rh6 34.Bb3 Rg6 35.Rc4 Kh7 36.Bd1 Rcg8
37.Bh5 Rg3 38.Bxg3 Rxg3 39.Bf3 Bf8 40.Bxc6 bxc6 41.Qxd4 Qb7 42.Qd8 Be7 43.Qe8 Rg7
44.Qxc6 Qb8  1-0

[Event "Geneve YM"]
[Site "Geneve"]
[Date "1989.??.??"]
[Round "?"]
[White "Karolyi, Tibor Jr"]
[Black "Ruf, Matthias"]
[Result "1/2-1/2"]
[WhiteElo "2430"]
[BlackElo "2330"]

1.d4 d6 2.e4 Nf6 3.Nc3 c6 4.Bg5 Nbd7 5.a4 e5 6.Nf3 Be7 7.Be2 h6 8.Be3 Qc7
9.O-O Nf8 10.Bc4 g5 11.Nd2 Ng6 12.a5 O-O 13.f3 Nh5 14.Ne2 Kh8 15.c3 Ng7 16.Qc2 f5
17.exf5 Nxf5 18.Bf2 Bf6 19.Bd3 Nge7 20.dxe5 Bxe5 21.Nc4 Bg7 22.Ne3 Nxe3 23.Bxe3 c5
24.Ng3 Nd5 25.Bf2 Nf4 26.Bf5 Be5 27.Bxc8  1/2-1/2

[Event "Bundesliga 8889"]
[Site "Germany"]
[Date "1989.??.??"]
[Round "?"]
[White "Maus, Soenke"]
[Black "Borik, Otto"]
[Result "1-0"]
[WhiteElo "2400"]
[BlackElo "2350"]

1.e4 c6 2.d4 d6 3.Nc3 Nf6 4.Be2 Qa5 5.Bd2 Qb6 6.e5 Nd5 7.Nf3 Bg4 8.exd6 Nxc3
9.bxc3 exd6 10.Ng5 Bf5 11.Bg4 Bg6 12.O-O Be7 13.Re1 Qd8 14.Qe2 Nd7 15.f4 Bxc2
16.Rac1 h6 17.Rxc2 hxg5 18.fxg5 Nf8 19.g3 g6 20.Rb2 b6 21.d5 cxd5 22.Qb5+ Nd7
23.Bf4 a6 24.Qc6 Ra7 25.Bxd6 O-O 26.Bxe7 Nb8 27.Qf6  1-0

[Event "Bundesliga 8889"]
[Site "Germany"]
[Date "1989.??.??"]
[Round "?"]
[White "Meyer, Holger"]
[Black "Breutigam, Martin"]
[Result "0-1"]
[WhiteElo "2330"]
[BlackElo "2295"]

1.d4 d6 2.e4 Nf6 3.Nc3 c6 4.a4 Na6 5.Nf3 Bg4 6.Be2 e6 7.O-O Be7 8.h3 Bh5
9.Be3 d5 10.exd5 Bxf3 11.Bxf3 Nxd5 12.Nxd5 exd5 13.Be2 Nc7 14.Bd3 O-O 15.c3 Bd6
16.Qg4 g6 17.Bh6 f5 18.Qd1 Rf7 19.f4 Ne6 20.Qe1 Qf6 21.Qg3 Re8 22.Rae1 Qd8
23.h4 Ng7 24.Bg5 Qb8 25.Rxe8+ Qxe8 26.Re1 Qd7 27.Re3 Nh5 28.Qe1 Kg7 29.Re8 Rf8
30.Re6 h6 31.Be7 Re8 32.Rxd6 Qxd6 33.Bxd6 Rxe1+ 34.Kf2 Ra1 35.Be5+ Kf7 36.c4 Rxa4
37.cxd5 cxd5 38.Ke3 Rb4 39.g4 fxg4 40.f5 gxf5 41.Bxf5 Rb3+ 42.Kf2 Rxb2+ 43.Kg1 Nf6  0-1

[Event "Bundesliga 8889"]
[Site "Germany"]
[Date "1989.??.??"]
[Round "?"]
[White "Pichler, Juergen"]
[Black "Hickl, Joerg"]
[Result "1/2-1/2"]
[WhiteElo "2325"]
[BlackElo "2500"]

1.e4 d6 2.d4 Nf6 3.Nc3 c6 4.f4 Qa5 5.Bd3 e5 6.dxe5 dxe5 7.f5 g6 8.Bg5 Nbd7
9.Qf3 Be7 10.O-O-O b5 11.Kb1 Bb7 12.Nh3 O-O-O 13.Rhf1 a6 14.Bh6 Bf8 15.Bd2 Bb4
16.Ng5 Rhf8 17.Qh3 Kb8 18.a3 Bxc3 19.Bxc3 Qc7 20.Qh4 Ka8 21.fxg6 hxg6 22.Qe1 Rc8
23.Ba5 Qb8 24.c3 c5 25.Bc2 Rc6 26.Rd3 Qe8 27.Rdf3 Qe7 28.Bb3 Rd6 29.Bc2 Ka7
30.h3 Kb8 31.Qh4 Nxe4 32.Bxe4 Bxe4+  1/2-1/2

[Event "Bundesliga 8889"]
[Site "Germany"]
[Date "1989.??.??"]
[Round "?"]
[White "Kraut, Rainer"]
[Black "Huemmer, Bernd"]
[Result "1/2-1/2"]
[WhiteElo "2395"]
[BlackElo "2295"]

1.e4 d6 2.d4 Nf6 3.Nc3 c6 4.a4 Nbd7 5.Nf3 e5 6.Bc4 Be7 7.O-O O-O 8.Re1 Qc7
9.h3 b6 10.d5 Bb7 11.dxc6 Bxc6 12.b3 Nc5 13.Nd2 Qb7 14.Qf3 a6 15.Qe2 Ne6
16.Nf3 Nc5 17.Nd2 Ne6 18.Nf3 Nc5  1/2-1/2

[Event "Bundesliga 8889"]
[Site "Germany"]
[Date "1989.??.??"]
[Round "?"]
[White "Mueller, Olaf"]
[Black "Hausner, Ivan"]
[Result "0-1"]
[WhiteElo "2340"]
[BlackElo "2445"]

1.e4 d6 2.d4 Nf6 3.Nc3 c6 4.Nf3 Bg4 5.h3 Bh5 6.Be2 e6 7.O-O Be7 8.d5 e5 9.Be3 O-O
10.a4 cxd5 11.exd5 Nbd7 12.a5 a6 13.Nd2 Bxe2 14.Qxe2 Rc8 15.Nc4 Re8 16.Rfd1 Bf8
17.Na4 g6 18.Rac1 Nh5 19.Nab6 Nxb6 20.Nxb6 Rc7 21.c4 f5 22.f3 Ng3 23.Qe1 f4
24.Bf2 e4 25.Bxg3 exf3 26.Qf2 fxg3 27.Qxf3 Bg7 28.Qxg3 Bxb2 29.Rc2 Be5 30.Qg4 Rf7
31.Rf2 Bh2+ 32.Kxh2 Rxf2 33.Rd3 Qf6 34.Rg3 Qf4 35.c5 dxc5 36.Qxf4 Rxf4 37.d6 Rd8
38.d7 Rd4 39.Rg5 c4 40.Rc5 Kf8 41.Kg3 Ke7 42.Kf3 R8xd7 43.Nxd7 Kxd7 44.Ke3 Rh4
45.Kd2 Rh5 46.Rxh5 gxh5 47.Kc3 Kc6 48.Kxc4 h4  0-1

[Event "OL Wuert8889 "]
[Site "Germany"]
[Date "1989.??.??"]
[Round "?"]
[White "Wolf, Walter"]
[Black "Mira, Helene"]
[Result "1-0"]
[WhiteElo "2245"]
[BlackElo "2130"]

1.e4 d6 2.d4 Nf6 3.Nc3 c6 4.Nf3 Bg4 5.Be2 e6 6.O-O Be7 7.Bg5 Nbd7 8.Qd2 h6
9.Be3 d5 10.e5 Ne4 11.Nxe4 dxe4 12.Ne1 Bf5 13.f3 exf3 14.Bxf3 Nb6 15.Qf2 Nc4
16.Bc1 Qb6 17.Kh1 Bg5 18.b3 Bxc1 19.Rxc1 Na3 20.c4 O-O 21.Qb2 Qb4 22.Be2 Rad8
23.Bd3 Bg6 24.Bxg6 fxg6 25.Rg1 a5 26.Nd3 Qe7 27.b4 axb4 28.Nxb4 Ra8 29.Rc3 Ra4
30.Nd3 Nxc4 31.Qc2 b5 32.Nc5 Ra7 33.Qxg6 Rxa2 34.Nxe6 Re8 35.Nxg7  1-0

[Event "Bundesliga 8889"]
[Site "Germany"]
[Date "1989.??.??"]
[Round "?"]
[White "Thesing, Matthias"]
[Black "Hausner, Ivan"]
[Result "1/2-1/2"]
[WhiteElo "2365"]
[BlackElo "2445"]

1.e4 d6 2.d4 Nf6 3.Nc3 c6 4.a4 Nbd7 5.Nf3 e5 6.Bc4 Be7 7.O-O O-O 8.h3 Qc7
9.a5 Rb8 10.Nh4 b5 11.axb6 Nxb6 12.Be2 Nxe4 13.Nxe4 Bxh4 14.dxe5 dxe5 15.Qd6 Rb7
16.Ba6 Be7 17.Qxc7 Rxc7 18.Bxc8 Nxc8 19.Ra5 f6 20.Be3 Rd8 21.Rfa1 f5 22.Nc3 Bf6
23.Kf1 Rb7 24.R1a2 Rdd7 25.Ke2 Nb6 26.b3 e4 27.Na4 Nd5 28.Bd2 Re7 29.Nc5 Rb5
30.c4 Rxa5 31.Rxa5 e3 32.cxd5 exd2+ 33.Kxd2 cxd5 34.Nd3 Rd7 35.Nb4 Bd4 36.f3 Kf7
37.Kd3 Bb6 38.Rxd5 Rxd5+ 39.Nxd5 Bg1 40.Kc4 Ke6 41.Nf4+ Ke5 42.Nd3+ Kd6 43.b4 g6
44.Nf4 g5 45.Nd3 Be3 46.g4 fxg4 47.hxg4 Bg1 48.Kb5 Bb6 49.Ne1 Ke6 50.Nd3 Kd6
51.Ne1  1/2-1/2

[Event "Bundesliga 8889"]
[Site "Germany"]
[Date "1989.??.??"]
[Round "?"]
[White "Goehring, Karl Heinz"]
[Black "Pribyl, Josef"]
[Result "1/2-1/2"]
[WhiteElo "2335"]
[BlackElo "2405"]

1.e4 d6 2.d4 Nf6 3.Nc3 c6 4.Nf3 Bg4 5.Be2 e6 6.O-O Be7 7.Re1 d5 8.h3 Bh5
9.exd5 Bxf3 10.Bxf3 cxd5 11.Ne2 Nc6 12.c3 O-O 13.a4 a6 14.Nf4 Qc7 15.Nd3 Bd6
16.Bg5 Nd7 17.Qe2 Na5 18.g3 Nb3 19.Ra2 Rfc8 20.Bf4 Na5 21.Bxd6 Qxd6 22.b4 Nc4
23.a5 Qc7 24.Nc5 Nxc5 25.dxc5 Rd8 26.Raa1 Rac8 27.Rad1 g6 28.h4 Rd7 29.Rd4 Qd8
30.Red1 Rcc7 31.Bg2 Qf6 32.Qa2  1/2-1/2

[Event "Bundesliga 8889"]
[Site "Germany"]
[Date "1989.??.??"]
[Round "?"]
[White "Reefschlaeger, Helmut"]
[Black "Bischoff, Klaus"]
[Result "1/2-1/2"]
[WhiteElo "2360"]
[BlackElo "2510"]

1.e4 d6 2.d4 Nf6 3.Nc3 c6 4.g3 g6 5.Bg2 Bg7 6.Nge2 O-O 7.O-O Re8 8.h3 e5
9.Be3 b5 10.dxe5 dxe5 11.Qxd8 Rxd8 12.Rfd1 Nbd7 13.Rd2 Bf8 14.Rad1 Re8 15.a4 a6
16.Nc1 Nc5 17.Nd3 Nfd7 18.h4 Nxd3 19.Rxd3 Nc5 20.Rd8 Be6 21.Rxe8 Rxe8 22.axb5 axb5
23.Ra1 b4 24.Nb1 b3 25.cxb3 Nxb3 26.Ra6 c5 27.Nc3 Rb8 28.Nd5 Nd4 29.Bg5 h6
30.Bf6 Bg7 31.Be7 Bf8 32.Bf6 Bg7 33.Be7  1/2-1/2

[Event "Bundesliga 8889"]
[Site "Germany"]
[Date "1989.??.??"]
[Round "?"]
[White "Kraut, Rainer"]
[Black "Vonthron, Horst"]
[Result "1-0"]
[WhiteElo "2390"]
[BlackElo "2330"]

1.e4 d6 2.d4 Nf6 3.Nc3 c6 4.a4 a5 5.Nf3 Bg4 6.Be2 e6 7.Bg5 h6 8.Bh4 Nbd7
9.O-O Be7 10.Nd2 Bxe2 11.Qxe2 O-O 12.Kh1 d5 13.e5 Ne4 14.Bxe7 Nxc3 15.bxc3 Qxe7
16.Rfb1 b6 17.c4 f6 18.cxd5 cxd5 19.exf6 Qxf6 20.Nf3 Rac8 21.Re1 Rc6 22.Qb5 Rfc8
23.Re2 Nf8 24.Qb2 Ng6 25.Ne5 Nxe5 26.dxe5 Qf4 27.h3 Qc4 28.Rd2 Rf8 29.f3 Rf4
30.Ra3 Qc5 31.c3 Rc4 32.Rd3 Qf8 33.Ra1 Qf4 34.Rd4 Qxe5 35.Rxc4 Rxc4 36.Qxb6 Rxc3
37.Qxa5 Rxf3 38.Re1 Re3 39.Rxe3 Qxe3 40.Qa8+  1-0

[Event "Bundesliga 8889"]
[Site "Germany"]
[Date "1989.??.??"]
[Round "?"]
[White "Weidemann, Joerg"]
[Black "Huemmer, Bernd"]
[Result "1/2-1/2"]
[WhiteElo "2325"]
[BlackElo "2295"]

1.e4 d6 2.d4 Nf6 3.Nc3 c6 4.g3 Nbd7 5.Bg2 e5 6.Nge2 Be7 7.O-O O-O 8.h3 b5
9.Be3 Bb7 10.a3 a5 11.Nb1 Re8 12.g4 exd4 13.Nxd4 Bf8 14.Nd2 Nc5 15.f3 d5
16.g5 Nh5 17.Qe1 Ne6 18.Nxe6 Rxe6 19.Qf2 c5 20.exd5 Qxd5 21.Ne4 Bc6 22.h4 Qf5
23.Rae1 c4 24.Qd2 Qd5 25.Bh3 Qxd2 26.Bxd2 Ree8 27.Bg4 Bxe4 28.Rxe4 Ng3 29.Rxe8 Rxe8
30.Re1 Rxe1+ 31.Bxe1 Ne2+ 32.Kf2 Nd4 33.Bxa5 Nxc2 34.Ke2 Nd4+ 35.Ke3 Bc5
36.Ke4 Nb3 37.Bc3 Bf2 38.h5 Nc5+ 39.Kd5 Na4 40.Kc6 Nxc3 41.bxc3 Be1 42.Kxb5 Bxc3
43.Kxc4 Bd2 44.g6 fxg6 45.hxg6 h6 46.Kd3 Be1 47.f4 Kf8 48.Kc4 Ke7 49.Kb5 Kd6
50.f5 Bc3 51.Kb6 Bd4+ 52.Kb7 Kc5 53.Be2 h5 54.Bxh5 Kb5 55.Bd1 Ka5 56.Kc6 Bc3
57.f6 Bxf6 58.Bc2  1/2-1/2

[Event "Bundesliga 8889"]
[Site "Germany"]
[Date "1989.??.??"]
[Round "?"]
[White "Kavalek, Lubomir"]
[Black "Hickl, Joerg"]
[Result "1/2-1/2"]
[WhiteElo "2565"]
[BlackElo "2500"]

1.e4 d6 2.d4 Nf6 3.Nc3 c6 4.f4 Qa5 5.Bd3 e5 6.Nf3 Bg4 7.dxe5 dxe5 8.fxe5 Nfd7
9.Bf4 Nxe5 10.Bxe5 Bxf3 11.Qxf3 Qxe5 12.Bc4 f6 13.O-O-O Nd7 14.Qh3 Rd8 15.Rhf1 Bb4
16.Rf5 Qe7 17.a3 Bd6 18.Ne2 Nb6 19.Bb3 Be5 20.Rff1 Nd7 21.Nd4 Bxd4  1/2-1/2

[Event "Gleisdorf"]
[Site "Gleisdorf"]
[Date "1989.??.??"]
[Round "8"]
[White "Horvath, Tamas"]
[Black "Horvath, Sandor"]
[Result "1/2-1/2"]
[WhiteElo "2405"]
[BlackElo "2295"]

1.e4 d6 2.d4 Nf6 3.Nc3 e5 4.Nf3 Nbd7 5.Bc4 Be7 6.dxe5 Nxe5 7.Nxe5 dxe5 8.Qxd8+ Bxd8
9.f3 O-O 10.Be3 Be7 11.Nd5 Nxd5 12.Bxd5 c6 13.Bb3 Bd8 14.O-O-O  1/2-1/2

[Event "Gleisdorf"]
[Site "Gleisdorf"]
[Date "1989.??.??"]
[Round "10"]
[White "Horvath, Tamas"]
[Black "Gazik, Igor"]
[Result "1-0"]
[WhiteElo "2405"]
[BlackElo "2390"]

1.e4 d6 2.d4 Nf6 3.Nc3 c6 4.Nf3 Bg4 5.Be2 e6 6.O-O Be7 7.Be3 O-O 8.h3 Bh5
9.Nd2 Bxe2 10.Qxe2 d5 11.Kh1 Qb6 12.Rab1 Bb4 13.a3 Bxc3 14.bxc3 Qa5 15.e5 Nfd7
16.f4 Qxc3 17.f5 exf5 18.Rxf5 Nb6 19.Rbf1 Qxa3 20.Bh6 N8d7 21.Qg4 g6 22.Nf3 Qe7
23.Qg3 Nc4 24.Nh4 a5 25.R5f2 Qe6 26.Nf5 f6 27.Ng7 Qe7 28.e6 Ndb6 29.Nh5 f5
30.Bxf8 Rxf8 31.Rxf5 Rxf5 32.Rxf5 Qxe6 33.Nf6+ Kg7 34.Qc7+ Nd7 35.Rf1 Ne3
36.Rf3 Nf5 37.Nxd7 Qe1+ 38.Kh2 Qe7 39.Qe5+  1-0